Animaux et noms (2) - Statistiques

Statistiques générales
  • Ce quiz a été pris 22 fois
  • Le résultat moyen est 4 sur 15
Statistiques - réponses
Hint Réponse % Correct
.... qu'un cheveu sur la tête à Mathieu yack
68%
Ala.... daim
58%
Scarlett o'... ara
42%
.... ssica Lange geai
42%
Claude ....garo gnou
42%
Hopital Bi.... chat
26%
.....pitaine Caverne carpe
21%
...... Bay canari
16%
Lub..... héron
16%
Les vacances de Monsieur ..... mulot
16%
.... était en noir lama
5%
....... au Canada macaque
5%
..... pride guèpe
0%
.... Bryner iule
0%
....... Bonnaire sardine
0%
Aucun quiz correspondant
Distribution des résultats
% des personnes avec chaque résultat
Percentile par nombre de réponses
Votre historique - résultats
Vous n’avez pas pris ce quiz